The Arab Predicament : (Record no. 12903)

MARC details
000 -LEADER
fixed length control field 01232pam a2200289 a 4500
001 - CONTROL NUMBER
control field 2503205
005 - DATE AND TIME OF LATEST TRANSACTION
control field 20020826200408.0
008 - FIXED-LENGTH DATA ELEMENTS--GENERAL INFORMATION
fixed length control field 920227s1992 enk b 001 0 eng
010 ## - LIBRARY OF CONGRESS CONTROL NUMBER
LC control number 92008321
020 ## - INTERNATIONAL STANDARD BOOK NUMBER
International Standard Book Number 9780521438339
040 ## - CATALOGING SOURCE
Original cataloging agency DLC
Transcribing agency DLC
Modifying agency DLC
043 ## - GEOGRAPHIC AREA CODE
Geographic area code ma-----
050 00 - LIBRARY OF CONGRESS CALL NUMBER
Classification number DS63.1
Item number .A35 1992
082 00 - DEWEY DECIMAL CLASSIFICATION NUMBER
Classification number 320.9174927
Edition number 22
Item number AJA
100 1# - MAIN ENTRY--PERSONAL NAME
Personal name Ajami, Fouad.
9 (RLIN) 9336
245 14 - TITLE STATEMENT
Title The Arab Predicament :
Remainder of title Arab Political Thought and Practice since 1967 /
Statement of responsibility, etc Fouad Ajami.
250 ## - EDITION STATEMENT
Edition statement Updated ed.
260 ## - PUBLICATION, DISTRIBUTION, ETC. (IMPRINT)
Place of publication, distribution, etc Cambridge ;
-- New York :
Name of publisher, distributor, etc Cambridge University Press,
Date of publication, distribution, etc 1992.
300 ## - PHYSICAL DESCRIPTION
Extent xx, 279 p. ;
Dimensions 22 cm.
504 ## - BIBLIOGRAPHY, ETC. NOTE
Bibliography, etc Includes bibliographical references and index.
651 #0 - SUBJECT ADDED ENTRY--GEOGRAPHIC NAME
Geographic name Arab countries
General subdivision Politics and government
Chronological subdivision 1945-
9 (RLIN) 9337
856 42 - ELECTRONIC LOCATION AND ACCESS
Materials specified Publisher description
Uniform Resource Identifier <a href="http://www.loc.gov/catdir/description/cam025/92008321.html">http://www.loc.gov/catdir/description/cam025/92008321.html</a>
856 41 - ELECTRONIC LOCATION AND ACCESS
Materials specified Table of contents
Uniform Resource Identifier <a href="http://www.loc.gov/catdir/toc/cam026/92008321.html">http://www.loc.gov/catdir/toc/cam026/92008321.html</a>
942 ## - ADDED ENTRY ELEMENTS (KOHA)
Source of classification or shelving scheme Dewey Decimal Classification
Item type Book - Borrowing
Holdings
Withdrawn status Item status Source of classification or shelving scheme Damaged status Not for loan Vendor Home library Current library Shelving location Date acquired Source of acquisition Cost, normal purchase price Total Checkouts Full call number Barcode Date last seen Koha item type
    Dewey Decimal Classification     Baccah Central Library Central Library First floor 15/11/2009   130.00   320.9174927 AJA 000019001 15/07/2025 Book - Borrowing